000 00595nam a22002057a 4500
005 20251108170512.0
008 250721s2000 xx 000 0 ara d
082 1 4 _a005.133/أسع
100 1 _aأسعد، حسام
245 1 0 _aلغة جافا سكريبت /
246 1 1 _ajava script
264 1 _aدمشق :
_bدار الرضا للمعلومات،
_c2000.
300 _a364ص
490 0 _aسلسلة الرضا للمعلومات ؛97
650 1 7 _aالحواسيب
650 1 7 _aلغات البرمجة
700 1 _aخيربك، عمار
942 _2ddc
_cBK
999 _c42029
_d42029